Statistics for Countries With The Lowest Literacy Rate - With Exceptions

Click here to take the quiz!

General Stats

  • This quiz has been taken 64 times
  • The average score is 19 of 25

Answer Stats

%Answer% Correct
43.0%Afghanistan
93%
50.1%Iraq
93%
74.4%India
88%
75.6%Myanmar
88%
59.2%Pakistan
88%
70.1%Yemen
88%
84.7%Laos
86%
67.9%Nepal
86%
85.5%Syria
86%
66.6%Bhutan
84%
80.5%Cambodia
84%
86.4%Iran
84%
73.9%Bangladesh
82%
61.7%Haiti
80%
64.2%Papua New Guinea
80%
92.7%Bolivia
73%
87.2%Honduras
73%
91.9%Sri Lanka
73%
68.1%East Timor
70%
88.6%El Salvador
68%
81.5%Guatemala
68%
82.6%Nicaragua
68%
88.5%Guyana
63%
88.7%Jamaica
52%
87.5%Vanuatu
45%

Score Distribution

Percentile by Number Answered

Percent of People with Each Score

Your Score History

You have not taken this quiz